LEADER 00767nab a2200133 i 4500 001 000000321474 003 CaOOAMICUS 005 20180831173346.0 008 180831n it uu u0 0ita r 013 $a31716 040 $aSeMil$bita 245 10$aComunitą Propedeutica e del Biennio Teologico. Il Tema dell'integrazione nel cinema e in televisione. Le lezioni di cinema con il professor Giancarlo Zappoli. - In [rubrica] :$bNotizie dai seminari. 773 0 $tSulle vie della missione. - 32 p. - Titolo dalla copertina.$gp.25$w()272819 996 $6245$aComunitą Propedeutica e del Biennio Teologico. Il Tema dell'integrazione nel cinema e in televisione. Le lezioni di cinema con il professor Giancarlo Zappoli. - In [rubrica] :$bNotizie dai seminari.$9(OLS)http://semarc/title/395025 LEADER 01288nam a2200277 i 4500 001 000000199192 003 CaOOAMICUS 005 20110318000000.0 008 110318s1965 it u000 u ita u 013 $a177883 040 $aSeMil$bita 100 1 $aOppenheimer, Julius Robert <1904-1967>.$0(OLS)http://semarc/name/72108 240 14$aThe Open Mind. Science and the Common Understanding.$0(OLS)http://semarc/title/288004 245 10$aScienza e pensiero comune /$cJulius Robert Oppenheimer. 260 $aTorino :$bPaolo Boringhieri,$ccopyr. 1965. 300 $a224 p., [1] p. di ritratto ;$c23 cm. 490 0 $aBiblioteca di cultura scientifica 490 0 $aBiblioteca di cultura scientifica. Serie azzurra: la natura 500 $aContiene : Appendice. 650 4$aTeoria dei quanti.$0(OLS)http://semarc/subject/10707 830 0$aBiblioteca di cultura scientifica.$0(OLS)http://semarc/title/6896 830 0$aBiblioteca di cultura scientifica. Serie azzurra: la natura.$0(OLS)http://semarc/title/18513 850 $aSeMil 852 $aSeMil$W1$xVenegono$y1$m3X IV 133$j149745$B149745$CSeMilBibl$Z2$F161109 $81 996 $6245$aScienza e pensiero comune$9(OLS)http://semarc/title/288003 996 $6260$aTorino :$bPaolo Boringhieri$9(OLS)http://semarc/publisher/30303 LEADER 01043nam a2200241 i 4500 001 000000200609 003 CaOOAMICUS 005 20240516114042.0 008 110412s1908 it u000 u ita u 013 $a179309 040 $aSeMil$bita 100 1 $aNogara, Giuseppe.$0(OLS)http://semarc/name/13312 245 12$aI criteri storici dei modernisti nel fatto della risurrezione di Gesł Cristo /$cGiuseppe Nogara. 260 $aMonza :$bTip. Ed. Artigianelli,$c1908. 300 $a39 p. ;$c22 cm. 650 4$aGesł Cristo - Risurrezione.$0(OLS)http://semarc/subject/5599 650 4$aModernismo - Teologia cristiana.$0(OLS)http://semarc/subject/35542 773 0 $t[Opuscoli.$w()24711 850 $aSeMil 852 $aSeMil$W1$xVenegono$y1$m5A II 16/20 FA$j248133$B151138$CSeMilBibl$Z2$F162430 $8I 996 $6245$aI criteri storici dei modernisti nel fatto della risurrezione di Gesł Cristo$9(OLS)http://semarc/title/290128 996 $6260$aMonza :$bTip. Ed. Artigianelli$9(OLS)http://semarc/publisher/50023